K problematice oprav v účetních písemnostech

Vznik nesprávností účtovníctva (obsah pojmu) v účtových dokladoch, knihách a ostatných písomnostiach. Postup a spôsob opráv v účtových knihách v troch etapách: 1. etapa bežného účtovania do uzavretia účtových kníh, 2. po ich uzavretí k poslednému dňu účtového obdobia a otvorenia nových kníh a 3. eta...

Descrizione completa

Salvato in:
Dettagli Bibliografici
Autore principale: Schiffer, V.
Natura: Capitolo di libro
Lingua:ceco
Soggetti:
Tags: Aggiungi Tag
Nessun Tag, puoi essere il primo ad aggiungerne!!

MARC

LEADER 00000naa a2200000 4500
001 r017248
005 20221205103212.1
041 0 |a cze 
044 |a CZ 
245 1 0 |a K problematice oprav v účetních písemnostech  |c V. Schiffer 
520 |a Vznik nesprávností účtovníctva (obsah pojmu) v účtových dokladoch, knihách a ostatných písomnostiach. Postup a spôsob opráv v účtových knihách v troch etapách: 1. etapa bežného účtovania do uzavretia účtových kníh, 2. po ich uzavretí k poslednému dňu účtového obdobia a otvorenia nových kníh a 3. etapa po overení účtovej závierky audítorom do budúcej uzávierky. 
610 2 0 |a účtovníctvo 
610 2 0 |a doklady účtovné 
610 2 0 |a knihy účtovné 
610 2 0 |a písomnosti účtovné 
610 2 0 |a opravy 
610 2 0 |a metodika 
100 1 |a Schiffer, V.